000 00477nam a2200181Ia 4500
005 20250508153825.0
008 008 250505s9999 xx 000 0 eng d
037 _aBooks to be hide in OPAC
040 _aFEDL
_beng
_cFEDL
041 _aeng
_2eng
084 _a370.4, WIL/O
_qFEDL
100 _aWillmann Otto
_9763645
245 0 _aDidaktik als dildungslehre
260 _c1903
300 _a605p.
942 _cHB
_h370.4, WIL/O
999 _c1345755
_d1345755